000 00410nam a22001217a 4500
082 _a200 THE
100 _aNida khalil
_970431
245 _aTH-SOF-1014-TENDENCY OF PARADIGM SHIFT TOWARDS ONLINE LEARNING SYSTEM IN PAKISTANI UNIVERSITIES USING ICT AS A CATALYST
260 _aISLAMABAD
_bNUST COLLEGE OF EME
_c2014
650 _aMS-EM-7 MSTHESIS
_969831
700 _a Dr. Shoab Ahmed Khan
_916053
942 _cCF
999 _c577409
_d577409